[Event "GER Seniors Derby 02nd"]
[Site "Wesel/Heidelust"]
[Date "2003.03.14"]
[Round "3"]
[White "Gressnich, Hans Werner"]
[Black "Goecke, Lisa"]
[Result "0-1"]
[WhiteElo "1638"]
[BlackElo "1620"]
[PlyCount "112"]
[EventDate "2003.03.13"]
[EventType "swiss"]
[EventRounds "7"]
[EventCountry "GER"]
[SourceTitle "EXT 2006"]
[Source "ChessBase"]
[SourceDate "2005.11.24"]
[SourceVersion "1"]
[SourceVersionDate "2005.11.24"]
[SourceQuality "1"]

1. e4 c5 2. Nf3 Nc6 3. d4 cxd4 4. Nxd4 e5 5. Nb3 Qf6 6. Bc4 Qg6 7. 0-0 Qxe4 8. N1d2 Qh4 9. f4 Nf6 10. Nf3 Qg4 11. h3 Qf5 12. fxe5 Nxe5 13. Nxe5 Qxe5 14. Bf4 Qe7 15. Re1 Ne4 16. Qd4 f5 17. Bd5 Qb4 18. Qe5+ Kd8 19. Bxe4 d6 20. Rad1 fxe4 21. Rxe4 Qb6+ 22. Be3 Qc6 23. Bg5+ Kc7 24. Qf4 Qb6+ 25. Kh2 Bd7 26. Bh4 Re8 27. Rxe8 Bxe8 28. Bf2 Qc6 29. Nd4 Qd7 30. Nf3 Qb5 31. Qe3 Bc6 32. Nd4 Qe5+ 33. Qxe5 dxe5 34. Ne6+ Kc8 35. Bg3 Be7 36. Bxe5 Bf6 37. Bxf6 gxf6 38. Nf4 Re8 39. Nd3 Re2 40. Nf4 Rxc2 41. Re1 Rxb2 42. Re2 Rb4 43. g3 Rb1 44. g4 Rh1+ 45. Kg3 Rg1+ 46. Kf2 Rd1 47. Nh5 Rd6 48. Ke3 Be8 49. Ng7 Bg6 50. Nf5 Re6+ 51. Kd3 Bxf5+ 52. gxf5 Rxe2 53. Kxe2 Kd7 54. Kd3 Kd6 55. Kd4 b5 56. a3 a5 0-1

[Event "GER Seniors Derby 02nd"]
[Site "Wesel/Heidelust"]
[Date "2003.03.13"]
[Round "2"]
[White "Finck, Peter Kristian"]
[Black "Goecke, Lisa"]
[Result "1-0"]
[WhiteElo "1533"]
[BlackElo "1620"]
[PlyCount "53"]
[EventDate "2003.03.13"]
[EventType "swiss"]
[EventRounds "7"]
[EventCountry "GER"]
[SourceTitle "EXT 2006"]
[Source "ChessBase"]
[SourceDate "2005.11.24"]
[SourceVersion "1"]
[SourceVersionDate "2005.11.24"]
[SourceQuality "1"]

1. e4 c5 2. c4 Nc6 3. Nc3 e6 4. Nf3 Nf6 5. d3 Be7 6. h3 d6 7. g4 a6 8. Be3 b6 9. Bg2 Qc7 10. e5 Nd7 11. exd6 Bxd6 12. Ne4 Be7 13. Qd2 Bb7 14. d4 Na5 15. Bf4 e5 16. Nxe5 g5 17. Bg3 Qd8 18. d5 Nxe5 19. Bxe5 Nxc4 20. Qc3 Nxe5 21. Qxe5 0-0 22. Rd1 Re8 23. 0-0 Bc8 24. d6 f6 25. dxe7 Qxe7 26. Qxe7 Rxe7 27. Nxf6+ 1-0

[Event "GER Seniors Derby 02nd"]
[Site "Wesel/Heidelust"]
[Date "2003.03.13"]
[Round "1"]
[White "Goecke, Lisa"]
[Black "Weiss, Siegfried"]
[Result "0-1"]
[WhiteElo "1620"]
[BlackElo "2093"]
[PlyCount "58"]
[EventDate "2003.03.13"]
[EventType "swiss"]
[EventRounds "7"]
[EventCountry "GER"]
[SourceTitle "EXT 2006"]
[Source "ChessBase"]
[SourceDate "2005.11.24"]
[SourceVersion "1"]
[SourceVersionDate "2005.11.24"]
[SourceQuality "1"]

1. e4 c5 2. c3 e6 3. d4 d5 4. exd5 exd5 5. Nf3 Nf6 6. Be3 Nbd7 7. Bd3 Bd6 8. 0-0 0-0 9. h3 c4 10. Bc2 b5 11. Nbd2 Rb8 12. b4 a5 13. a3 Re8 14. Re1 Nf8 15. Bg5 Rxe1+ 16. Qxe1 Ne6 17. Bh4 Ra8 18. Qb1 Nf4 19. Qe1 Be6 20. Ne5 axb4 21. Nc6 Qc7 22. Nxb4 N6h5 23. a4 bxa4 24. Rxa4 Rxa4 25. Bxa4 Qa7 26. Bc2 Bxb4 27. cxb4 Qxd4 28. Nf3 Qb2 29. Bf5 Ne2+ 0-1